000 01132cam a22003617a 4500
003 CHAP
005 20220817041042.0
008 971013s1991 r 00010 d
010 _a5347
011 _a6319
035 _a5539
040 _cCHAP
082 _a631.2
_bF31Y
110 1 _aFAO
245 1 3 _aLa ingeniería agraria en el desarrollo
_b: directrices para proyectar y construir almacenes en las aldeas
260 _aRoma :
_bFAO,
_c1991
300 _a117 p.
_b: ilus.
410 _aFAO
490 0 _aFAO. Servicios agrícolas
_v; 82
590 _aBATCH-UPD
_b10
_c20130110
_lUCH01
_h1459
590 _aBATCH-UPD
_b10
_c20130410
_lUCH01
_h0922
590 _aBATCH-UPD
_b10
_c20130914
_lUCH01
_h1036
590 _aCONVERSION
_b10
_c20130109
_lUCH01
_h1304
650 1 4 _aConstrucciones rurales.
_927378
650 1 4 _aProductos agrícolas
_xAlmacenamiento.
_991897
650 1 4 _aSilos
_xDiseños y planos.
_9105966
700 0 _aSode, Ove.
_9108257
810 0 _aFAO
830 0 0 _aFAO. Servicios agrícolas
_v; 82
_939697
901 _aBK
942 _cLIBRO
949 _a631.2 F31y
_bBC
_cLIBRO
_d-15125
_eLIBRO
_h81711
_i5539
_si
999 _c5347
_d5347